000 01683nam a22002657a 4500
999 _c21975
_d21975
003 AR-CdUCM
008 190425b ||||| |||| 00| 0 spa d
040 _aMUNICIPALIDAD PROVINCIAL DEL CUSCO
_cBIBLIOTECA MUNICIPAL DEL CUSCO
082 _aRev.Geo/N°1/1976
110 _aUniversidad Nacional de San Antonio Abad del Cusco
_915942
245 _aRevista del Departamento Académico de Geografía /
_cDepartamento Académico de Geografía
260 _aCusco :
_bDepartamento Académico de Geografía,
_c1976.
300 _a 69 páginas. :
_bilustraciones ;
_c29 cm.
440 _aRevista del Departamento Académico de Geografía.
_nNúmero 1, año 1976
_947032
505 _aContenido: Las fotografías orbitales del Perú en la interpretación de caracteres geográficos y recursos mineros. Carlos Kalafatovich. -- El dominio de la tierra en el Perú. José Azpilcueta. -- Nota bibliográfica geología planetaria. Carlos Kalafatovich Valle. -- Localidades fosilíferas en el valle del Cusco. Eduardo Gil Mora. -- Deslizamiento de Ucchullo Chico. José Ramírez Pareja. -- Los lagos y su formación. Julio Arias Garzón. -- Nuevas carreras técnicas en la universidad. José Ramírez Pareja. -- Aspectos sobre el origen de los suelos en el valle del Cusco. Nimio Tristán Elorrieta. -- El cielo y los fenómenos de la atmosfera del Cusco. Luis Olazo Olivera.
650 _aGeología del Cusco
_947033
650 _aRecursos mineros
_947034
650 _aFósiles
_923321
650 _aHidrología
_96390
700 _aKalafatovich Valle, Carlos
_946062
700 _aRamírez Pareja, José
_947035
700 _aGil Mora, Eduardo
_946972
942 _2ddc
_cPP
945 _avhl